Physics / (Record no. 1536)
[ view plain ]
| 000 -LEADER | |
|---|---|
| fixed length control field | 00983cam a2200277 a 4500 |
| 001 - CONTROL NUMBER | |
| control field | 1071596 |
| 005 - DATE AND TIME OF LATEST TRANSACTION | |
| control field | 20241125180312.0 |
| 008 - FIXED-LENGTH DATA ELEMENTS--GENERAL INFORMATION | |
| fixed length control field | 911002s1992 nyua 001 0 eng |
| 020 ## - INTERNATIONAL STANDARD BOOK NUMBER | |
| International Standard Book Number | 0471804584 (lib. bdg. : v. 1) |
| 020 ## - INTERNATIONAL STANDARD BOOK NUMBER | |
| International Standard Book Number | 0471804576 (v. 2) |
| 050 00 - LIBRARY OF CONGRESS CALL NUMBER | |
| Classification number | QC21.2 |
| Item number | .R47 1992 |
| 082 00 - DEWEY DECIMAL CLASSIFICATION NUMBER | |
| Classification number | 530 |
| Edition information | 20 |
| 100 1# - MAIN ENTRY--PERSONAL NAME | |
| Personal name | Resnick, Robert, |
| Dates associated with a name | 1923- |
| 245 10 - TITLE STATEMENT | |
| Title | Physics / |
| Statement of responsibility, etc. | Robert Resnick, David Halliday, Kenneth S. Krane. |
| Remainder of title | Volume 1 |
| 250 ## - EDITION STATEMENT | |
| Edition statement | 4th ed. |
| 260 ## - PUBLICATION, DISTRIBUTION, ETC. | |
| Place of publication, distribution, etc. | New York : |
| Name of publisher, distributor, etc. | Wiley, |
| Date of publication, distribution, etc. | c1992. |
| 300 ## - PHYSICAL DESCRIPTION | |
| Extent | xi.(592, [34] p.) : |
| Other physical details | ill. ; |
| Dimensions | 29 cm. |
| 500 ## - GENERAL NOTE | |
| General note | Vol. 2 by David Halliday, Robert Resnick, Kenneth S. Krane. |
| 500 ## - GENERAL NOTE | |
| General note | Includes indexes. |
| 650 #0 - SUBJECT ADDED ENTRY--TOPICAL TERM | |
| Topical term or geographic name entry element | Physics. |
| 700 1# - ADDED ENTRY--PERSONAL NAME | |
| Personal name | Halliday, David, |
| Dates associated with a name | 1916- |
| 700 1# - ADDED ENTRY--PERSONAL NAME | |
| Personal name | Krane, Kenneth S. |
| 856 4# - ELECTRONIC LOCATION AND ACCESS | |
| Materials specified | Table of Contents only |
| Uniform Resource Identifier | <a href="http://www.loc.gov/catdir/toc/onix05/91035885.html">http://www.loc.gov/catdir/toc/onix05/91035885.html</a> |
| 856 42 - ELECTRONIC LOCATION AND ACCESS | |
| Materials specified | Publisher description |
| Uniform Resource Identifier | <a href="http://www.loc.gov/catdir/enhancements/fy0607/91035885-d.html">http://www.loc.gov/catdir/enhancements/fy0607/91035885-d.html</a> |
| 942 ## - ADDED ENTRY ELEMENTS (KOHA) | |
| Source of classification or shelving scheme | Library of Congress Classification |
| Koha item type | Books |
| Edition | 4th ed. Vol.1 |
| Suppress in OPAC | No |
| 999 ## - | |
| -- | 1536 |
| -- | 1536 |
| Withdrawn status | Lost status | Source of classification or shelving scheme | Damaged status | Not for loan | Collection | Home library | Current library | Shelving location | Date acquired | Total checkouts | Full call number | Barcode | Date last seen | Copy number | Price effective from | Koha item type |
|---|---|---|---|---|---|---|---|---|---|---|---|---|---|---|---|---|
| Library of Congress Classification | Non-fiction | Science Library (Miotso) | Science Library (Miotso) | General stacks | 11/25/2024 | QC21.2 HAL | SLM00000821 | 11/25/2024 | 1 | 11/25/2024 | Books |